000
00248nam a2200109Ia 4500
008
210707s2009 xx 000 0 und d
041
_a
eng
082
_a
CD231
245
_a
Electronics for you April 2009
260
_c
2009
650
_a
Electronics
999
_c
177265
_d
177265